Spájkovanie Al a zliatin Al = Brazing of aluminium and aluminium alloys : Bakalárska práca

Salvato in:
Dettagli Bibliografici
Autore principale: Nemsila, Ján (Autore)
Altri autori: Pocisková Dimová, Katarína, 1980- (xxx)
Natura: Manoscritto Libro
Lingua:slovacco
Pubblicazione: Trnava : STU v Bratislave MTF UVTE, 2009
Soggetti:
Tags: Aggiungi Tag
Nessun Tag, puoi essere il primo ad aggiungerne!!

MARC

LEADER 00000ntm a22000003a 4500
001 stu198006
005 20160719160042.3
008 100114s2009----xo------------------slo-d
040 |a STU  |b slo 
041 0 |a slo 
044 |a xo 
100 1 |a Nemsila, Ján  |4 aut 
245 1 |a Spájkovanie Al a zliatin Al = Brazing of aluminium and aluminium alloys :  |b Bakalárska práca 
260 |a Trnava :  |b STU v Bratislave MTF UVTE,  |c 2009 
300 |a 53 s  |c 1 CD-ROM 
500 |a Študijný program: výrobné technológie 
500 |a Študijný odbor: 5.2.51 výrobné technológie 
650 7 |a spájkovanie  |2 stusub 
650 7 |a hliník  |2 stusub 
650 7 |a hliníkové zliatiny  |2 stusub 
700 1 |a Pocisková Dimová, Katarína,  |d 1980-  |4 xxx  |u M140  |T MTF Katedra zvárania  |X 34031  |U M140  |Y M140  |7 A000034031 
996 |b 284M077390  |c M*BP-4109  |l MMSKP  |s P  |a 0  |w stu198006_0001